000 00776nam a2200241 i 4500
001 172532
003 ES-MaACL
005 20230906214939.0
008 090715s1991 fr |||| | fre d
020 _a2-07-072198-1
080 _a003.85:811.133.1
080 _a811.133.1'35(07)
100 1 _aDrillon, Jacques (
_d1954-)
_9141089
245 1 0 _aTraité de la ponctuation française /
_cJacques Drillon.
260 _a[Paris] :
_bGallimard,
_c[1991]
300 _a472 p. ;
_c19 cm.
490 1 _aTel ;
_v177
504 _aIncluye referencias bibliográficas e índice.
650 0 4 _aLengua francesa-
_xPuntuación.
_914230
830 0 _aTel ;
_v177
_9184073
852 _aES-MaACL
_jE-12851
_9R.139433
_z.- Biblioteca Jacinto Martínez Lacalle
999 _c172532
_d172532